On This Day: June 18th II Quiz Stats

 Plays Quiz Updated Jun 18, 2018

Score 0/7 Timer 03:00
0 Plays Today
Question Answer Wrong Answers
This man gives his ‘This was their finest hour’ speech to the British House of Commons.
1940
Winston Churchill
93.6%
Neville Chamberlain
3.6%
Charles de Gaulle
0.6%
Franklin D. Roosevelt
1.6%
This aviator, traveling as a passenger, becomes the first woman to fly in an aircraft across the Atlantic.
1928
Amelia Earhart
85.4%
Bessie Coleman
7.7%
Sally Ride
1.2%
Amy Johnson
5.6%
King Juan Carlos I of ______ abdicates. His son, Felipe, ascends to the throne the next day.
2014
Spain
84.4%
Portugal
7.1%
Monaco
5.1%
San Marino
2.3%
This American country singer and TV personality, who has served as a judge on ‘The Voice’ since its inception, is born.
1976
Blake Shelton
65.7%
CeeLo Green
4%
Adam Levine
15.8%
Tim Mcgraw
13.7%
The War of 1812 begins when this US President signs a declaration of war against the United Kingdom.
1812
James Madison
50.7%
James Monroe
18.7%
Thomas Jefferson
17.2%
John Quincy Adams
13.3%
Revolutionaries overthrow the Muhammad Ali dynasty, and ______ is declared a republic with Mohamed Naguib serving as president.
1953
Egypt
44.3%
Saudi Arabia
15.6%
Libya
28.2%
Qatar
11.2%
In his encyclical ‘Praise be to you’, Pope Francis blames ______ on human selfishness.
2015
Global Warming
43.5%
Poverty
47%
Gun Violence
3.8%
Human Trafficking
4.7%

You're not logged in!

Compare scores with friends on all Sporcle quizzes.
OR
Log In

Sporcle TV

Today on Sporcle TV


Watch our educational content, quiz creation guides, and fun videos on Sporcle TV.

Show Comments

Extras

Top Quizzes Today


Score Distribution

Your Account Isn't Verified!

In order to create a playlist on Sporcle, you need to verify the email address you used during registration. Go to your Sporcle Settings to finish the process.

Report this User

Report this user for behavior that violates our Community Guidelines.

Details: